| 000 | 00813nam a2200217 i 4500 | ||
|---|---|---|---|
| 001 | bg | ||
| 245 | 0 | 0 |
_aInstrukcja o znakach drogowych pionowych. _nT.2, _pZasady konstrukcji i wzory barwne znaków. |
| 260 |
_aKraków : _bExplotrans, _c1994. |
||
| 300 |
_a344 s. : _bil. kolor. ; _c30 cm. |
||
| 490 | 1 | _aMonitor Polski | |
| 500 | _aZałącznik nr 1 do zarządzenia Ministra Transportu i Gospodarki Morskiej z dnia 3 marca 1994 r. (poz.120). | ||
| 650 | 9 |
_aKomunikacja drogowa _xprawo _zPolska _ystan na 1994 r. |
|
| 650 | 9 |
_aZnaki i sygnały drogowe _xprawo _zPolska _ystan na 1994 r. |
|
| 830 | _aMonitor Polski | ||
| 040 | _cBPK | ||
| 041 | 0 | _apl | |
| 080 | _a351.811.122(438)(094.4) | ||
| 942 | _cKA | ||
| 008 | s pl f |000 0 pol | ||
| 999 |
_c34989 _d34989 |
||
| 856 |
_uhttp://koha.tu.koszalin.pl/cgi-bin/koha/opac-detail.pl?biblionumber=34989 _yKatalog online BPK |
||